logo

Bir Sreshtho Munshi Abdur Rouf Library
Jhenaidah Cadet College

A Course in Communication Skills / (Record no. 584)

MARC details
000 -LEADER
fixed length control field 00710nam a2200253 a 4500
001 - CONTROL NUMBER
JCCL Control Number 584
003 - CONTROL NUMBER IDENTIFIER
JCCL marc code BD-JhCC
005 - DATE AND TIME OF LATEST TRANSACTION
control field 20171007185715.0
008 - FIXED-LENGTH DATA ELEMENTS--GENERAL INFORMATION
fixed length control field 171007s20082012ii a|||| || | 000 0 eng d
020 ## - INTERNATIONAL STANDARD BOOK NUMBER
International Standard Book Number 9788175965713
035 ## - SYSTEM CONTROL NUMBER
system control number (BD-JhCC)584
040 ## - CATALOGING SOURCE
Original cataloging agency BD-JhCC
Modifying agency BD-JhCC
041 ## - LANGUAGE CODE
Language code of Book eng
082 ## - DEWEY DECIMAL CLASSIFICATION NUMBER
Classification number 420.0
Author mark and Year DUT 2012
100 ## - MAIN ENTRY--PERSONAL NAME
Personal name Dutt, P. Kiranami
245 ## - TITLE STATEMENT
Title A Course in Communication Skills /
Statement of responsibility, etc P. Kiranami Dutt, Geetha Rajeevan, C. L. N. Prakash
260 ## - PUBLICATION, DISTRIBUTION, ETC. (IMPRINT)
Place of publication, distribution, etc New Delhi:
Name of publisher, distributor, etc Cambridge University Prss India Pvt. Ltd.
Date of publication, distribution, etc 2012
300 ## - PHYSICAL DESCRIPTION
Pagination 306 p.;
Other physical details ii
Dimensions 26cm.
650 ## - SUBJECT ADDED ENTRY--TOPICAL TERM
Topical term or geographic name as entry element English Teaching
700 ## - ADDED ENTRY--PERSONAL NAME
Personal name Rajeevan, Geetha
700 ## - ADDED ENTRY--PERSONAL NAME
Personal name Prakash, C. L. N.
942 ## - ADDED ENTRY ELEMENTS (KOHA)
Source of classification or shelving scheme Dewey Decimal Classification
Koha item type Books
Holdings
Source of classification or shelving scheme Damaged status Not for loan Home library Current library Shelving location Total Checkouts Full call number Barcode Date last seen Copy number Koha item type
Dewey Decimal Classification     JCC Rouf Library JCC Rouf Library General Stacks   420.0 DUT 2012 1132 10/07/2017 C-1 Books

JCC Library | Contacts | JCC Home

Last Update on 23 September 2017
Copyright @ 2017-2020 JCC Rouf Library
Rouf Library, Jhenidah Cadet College (JCC), Bangladesh